| Record ID | ia:farfromhome0000benn |
| Source | Internet Archive |
| Download MARC XML | https://archive.org/download/farfromhome0000benn/farfromhome0000benn_marc.xml |
| Download MARC binary | https://www.archive.org/download/farfromhome0000benn/farfromhome0000benn_meta.mrc |
LEADER: 03779cam 2200565Ma 4500
001 ocn760289703
003 OCoLC
005 20200609232814.0
008 111031s2012 enk 000 f eng d
040 $aUKMGB$beng$cUKMGB$dVP@$dOCLCF$dOCLCQ$dAU@$dOCLCQ$dOCL$dNZALP$dOCLCO$dOCL
015 $aGBB1C7997$2bnb
016 7 $a015963892$2Uk
019 $a805325648
020 $a9780007359219$q(pbk.)
020 $a0007359217$q(pbk.)
035 $a(OCoLC)760289703$z(OCoLC)805325648
043 $ae-uk-en
082 04 $a823.92$223
100 1 $aBennett, Anne.
245 10 $aFar from home /$cAnne Bennett.
260 $aLondon :$bHarper,$c2012.
300 $a1 volume ;$c20 cm
336 $atext$btxt$2rdacontent
337 $aunmediated$bn$2rdamedia
338 $avolume$bnc$2rdacarrier
520 $aA moving family drama of one young woman's fight to survive and to find a place to call home. A terrible war and a terrible secret. Kate Munroe is only 16 years-old when she is sent away to live in Birmingham with her friend Susie. Alone and vulnerable, Kate is harbouring a dark secret - a deep passion for her cousin, Tim, back home in Ireland. Burying herself in her job at the factory, Kate is shocked when her younger sister, Sally, arrives unannounced on her doorstep. What has her headstrong sister done to upset their formidable mother this time? Meanwhile, Kate has met David, an RAF pilot, but can she ever love him like Tim? When WWII breaks out, the girls all volunteer as Air Raid Protection Volunteers. But while the war wages all around them, Kate makes a discovery that rocks her to her very core and causes her to question everything she knows. Not just about herself, but about her nearest and dearest too.
505 0 $aFirm sale (Print on Demand or Special Order title) -Paperback -A moving family drama of one young woman's fight to survive and to find a place to call home 1938: Sixteen-year-old Kate Monroe is living in Birmingham, far away from her family in Ireland. Her parents have always doted on her siblings, Sally and James, leaving no time for her. Kate harbours a dark secret, a deep longing for her cousin. Feelings she must suppress in this deeply staunch Irish-Catholic community -- even if they are reciprocated. Crazed by her infatuation, Kate is left with no option, other than to up-roots once more and seek out a new life, far away from the temptation of Tim Monroe. Will Kate find true love, or will distance make the heart grow fonder?
505 0 $a1938: Sixteen-year-old Kate Monroe Kate harbours a dark secret, a deep longing for her cousin. Feelings she must suppress in this deeply staunch Irish-Catholic community -- even if they are reciprocated. Crazed by her infatuation, Kate is left with no option, other than to up-roots once more and seek out a new life, far away, as a volunteer Air Raid Protection Warden.
650 0 $aWorld War, 1939-1945$vFiction.
651 0 $aBirmingham (England)$xHistory$y20th century$vFiction.
651 7 $aEngland$zBirmingham.$2fast$0(OCoLC)fst01205911
647 7 $aWorld War$d(1939-1945)$2fast$0(OCoLC)fst01180924
648 7 $a1900-1999$2fast
655 7 $aDomestic fiction.$2fast$0(OCoLC)fst01726589
655 7 $aFiction.$2fast$0(OCoLC)fst01423787
655 7 $aHistory.$2fast$0(OCoLC)fst01411628
655 7 $aDomestic fiction.$2lcgft
029 1 $aAU@$b000049050450
029 1 $aAU@$b000049148907
029 1 $aAU@$b000049663717
029 1 $aAU@$b000051676388
029 1 $aAU@$b000053155510
029 1 $aCBK$b125694946
029 1 $aNZ1$b14289028
029 1 $aUKDEL$b125694946
029 1 $aUKDOR$b125694946
029 1 $aUKTLS$b125694946
029 1 $aUNITY$b125694946
994 $aZ0$bP4A
948 $hNO HOLDINGS IN P4A - 119 OTHER HOLDINGS